RICS Property Investment Forum (Record no. 121854)
[ view plain ]
| 000 -LEADER | |
|---|---|
| fixed length control field | 01310nam a22001937a 4500 |
| 008 - FIXED-LENGTH DATA ELEMENTS--GENERAL INFORMATION | |
| fixed length control field | 240315e20240301xxk|||||o|||| 00| 0 eng d |
| 041 ## - LANGUAGE CODE | |
| Language code of text/sound track or separate title | eng |
| 110 ## - MAIN ENTRY--CORPORATE NAME | |
| Corporate author | Royal Institution of Chartered Surveyors |
| 245 ## - TITLE STATEMENT | |
| Title | RICS Property Investment Forum |
| Subtitle | Report |
| Medium | [Electronic resource] |
| 260 ## - PUBLICATION INFORMATION | |
| Place of publication | London, |
| Publisher | Royal Institution of Chartered Surveyors, |
| Date | January 2024 |
| 300 ## - PHYSICAL DESCRIPTION | |
| Physical description | 9p. |
| 520 ## - ABSTRACT | |
| Abstract | The January 2024 meeting focused on the challenges presented by the perceived funding gap that has arisen between investors who can no longer extend loans without significant further equity and investors seeking a price that reflects a fundamental repricing of UK property investments as the cost of debt and inflation has increased and geopolitical risks have heightened. Many will be aware that the normal sources of capital that help recapitalise a market are sparse at present, especially in the listed markets. A lot of detail is reviewed and debated in the forum discussion. This publication summarises the outputs of this meeting. |
| 650 ## - KEYWORDS | |
| Keywords | PROPERTY INVESTMENT |
| 651 ## - SUBJECT ADDED ENTRY--GEOGRAPHIC NAME | |
| Geographic name | International |
| 690 ## - BROAD SUBJECT | |
| Broad subject | Investments |
| 9 (RLIN) | 6250 |
| 710 ## - ADDED CORPORATE NAME | |
| Added corporate author | Royal Institution of Chartered Surveyors |
| 856 ## - ONLINE RESOURCE | |
| Uniform Resource Identifier | <a href="https://www.rics.org/news-insights/rics-property-investment-forum-2024">https://www.rics.org/news-insights/rics-property-investment-forum-2024</a> |
| Public note | Available free on RICS.org |
| 942 ## - ADDED ENTRY ELEMENTS (KOHA) | |
| Suppress in OPAC | Do not suppress in OPAC |
| Lost status | Damaged status | Not for loan | Current library | Shelving location | Date acquired | Total Checkouts | Full call number | Date last seen | Price effective from | Koha item type |
|---|---|---|---|---|---|---|---|---|---|---|
| Virtual | Online | 15/03/2024 | ONLINE PUBLICATION | 15/03/2024 | 15/03/2024 | Online material |